Fleetwood Mac - Second Hand News lyrics - Statistics

General Stats
  • This quiz has been taken 86 times
  • The average score is 125 of 167
Answer Stats
Lyrics % Correct
I
98%
you
93%
you.
93%
do
91%
do.
91%
me
91%
hand
90%
I'm
90%
news.
90%
news,
90%
second
90%
the
90%
my
88%
and
86%
stuff.
86%
down
84%
in
84%
to
84%
go
83%
go.
83%
let
83%
just
81%
lay
81%
grass
79%
know
79%
know,
79%
tall
78%
When
78%
when
78%
won't
78%
so
74%
nothing
72%
times
72%
say.
69%
yeah.
69%
got
67%
on
67%
rough,
67%
bad,
66%
miss
59%
there's
57%
get
55%
Someone
55%
someone
55%
taken
55%
has
53%
can't
52%
Oh,
52%
place.
52%
enough,
48%
enough.
48%
I've
48%
gonna
47%
think
41%
you're
40%
of
38%
Been
36%
been
36%
mind.
36%
should
36%
long.
34%
ain't
33%
around
33%
give
33%
peace
33%
thing
33%
find
29%
One
29%
hoping
28%
going
26%
tossed
26%
who's
24%
couldn't
12%
No matching quizzes found
Score Distribution
Percent of People with Each Score
Percentile by Number Answered
Your Score History
You have not taken this quiz